Dinosaures et autres - Statistiques

Statistiques générales
  • Ce quiz a été pris 588 fois
  • Le résultat moyen est 46 sur 492
Statistiques - réponses
types d'animaux animal à deviner % Correct
carnivores tyrannosaurus
82%
carnivores velociraptor
74%
herbivores tricératops
69%
herbivores diplodocus
67%
carnivores allosaurus
63%
carnivores spinosaurus
62%
herbivores brachiosaurus
60%
ptérosaures pteranodon
59%
herbivores stégosaurus
58%
herbivores iguanodon
56%
herbivores ankylosaurus
55%
réptiles marins mosasaurus
51%
carnivores carnotaurus
50%
poissons mégalodon
49%
réptiles marins plésiosaurus
45%
carnivores giganotosaurus
44%
herbivores parasaurolophus
44%
carnivores deinonychus
43%
herbivores gallimimus
43%
carnivores oviraptor
43%
herbivores pachycephalosaurus
43%
herbivores argentinosaurus
41%
carnivores baryonyx
41%
crocodiles sarcosuchus
41%
carnivores dilophosaurus
40%
ptérosaures quetzalcoatlus
40%
mammifères mammouth
38%
serpents titanoboa
38%
carnivores utahraptor
37%
carnivores albertosaurus
36%
oiseaux microraptor
36%
mammifères smilodon
36%
carnivores carcharodontosaurus
35%
ptérosaures dimorphodon
35%
carnivores cératosaurus
34%
herbivores thérizinosaurus
34%
carnivores troödon
34%
herbivores brontosaurus
33%
carnivores dimétrodon
33%
réptiles marins liopleurodon
33%
carnivores compsognathus
32%
carnivores suchomimus
32%
herbivores apatosaurus
31%
herbivores protoceratops
30%
crocodiles deinosuchus
29%
carnivore megalosaurus
29%
réptiles marins elasmosaurus
28%
herbivores kentrosaurus
28%
herbivores titanosaurus
28%
carnivores acrocanthosaurus
27%
mollusques ammonite
27%
herbivores styracosaurus
27%
carnivores tarbosaurus
26%
poissons dunkleosteus
25%
herbivores camarasaurus
24%
herbivores edmontosaurus
24%
carnivores pyroraptor
24%
oiseaux archaeopteryx
23%
herbivores corythosaurus
23%
herbivores euoplocéphalus
23%
herbivores maiasaura
23%
tortues archelon
22%
arthropodes arthropleura
22%
carnivores irritator
22%
réptiles marins kronosaurus
22%
herbivores pachyrhinosaurus
22%
ptérosaures pterodactylus
22%
herbivores torosaurus
22%
arthropodes trilobite
22%
carnivores cryolophosaurus
21%
carnivores yutyrannus
21%
herbivores mamenchisaurus
20%
arthropodes méganeura
20%
herbivores pentacératops
20%
ptérosaures tapejara
20%
cétacés basilosaurus
19%
carnivores coelophysis
19%
carnivores gorgosaurus
19%
carnivores herrerasaurus
19%
carnivores majungasaurus
19%
carnivores megaraptor
19%
herbivores stygimoloch
19%
herbivores amargasaurus
18%
carnivores eoraptor
18%
herbivores supersaurus
18%
oiseaux argentavis
17%
crocodiles kaprosuchus
17%
herbivores nodosaurus
17%
herbivores ouranosaurus
17%
carnivores dasplétosaurus
16%
herbivores deinocheirus
16%
ptérosaures hatzegopteryx
16%
réptiles marins ophtalmosaurus
16%
herbivores struthiomimus
16%
herbivores tsintaosaurus
16%
arthropodes anomalocaris
15%
poissons coelacanth
15%
amphibiens diplocaulus
15%
mammifères mégaloceros
15%
réptiles marins pliosaurus
15%
herbivores seismosaurus
15%
carnivores abelisaurus
14%
lézards megalania
14%
carnivores metriacanthosaurus
14%
crocodiles postosuchus
14%
ptérosaures rhamphorhynchus
14%
réptiles marins tylosaurus
14%
herbivores centrosaurus
13%
carnivores concavenator
13%
ptérosaures eudimorphodon
13%
réptiles marins ichthyosaurus
13%
carnivores monolophosaurus
13%
herbivores ornithomimus
13%
carnivores procératosaurus
13%
herbivores psittacosaurus
13%
herbivores sauropelta
13%
oiseaux gastornis
12%
carnivores gigantoraptor
12%
carnivores guanlong
12%
carnivores mapusaurus
12%
ptérosaures tropeognathus
12%
tortues carbonemys
11%
carnivores dromeosaurus
11%
herbivores dryosaurus
11%
herbivores einiosaurus
11%
oiseaux hesperornis
11%
herbivores muttaburrasaurus
11%
herbivores nasutoceratops
11%
oiseaux pélagornis
11%
réptiles marins shonisaurus
11%
herbivores edmontonia
10%
mammifères élasmotherium
10%
poissons leedsichthys
10%
carnivores ornitholestes
10%
ptérosaures pterodaustro
10%
carnivores rajasaurus
10%
herbivores sauroposeidon
10%
herbivores tuojiangosaurus
10%
carnivores tyrannotitan
10%
herbivores wuerhosaurus
10%
herbivores archaeornithomimus
9%
herbivores dreadnoughtus
9%
herbivores giraffatitan
9%
mammifères glyptodon
9%
herbivores hadrosaurus
9%
poissons hélicoprion
9%
oiseaux kelenken
9%
mammifères mastodonte
9%
herbivores minmi
9%
herbivores nigersaurus
9%
ptérosaures nyctosaurus
9%
ptérosaures ornithocheirus
9%
mammifères paraceratherium
9%
carnivores saurophaganax
9%
herbivores stegoceras
9%
ptérosaures thalassodromeus
9%
carnivores torvosaurus
9%
ptérosaures tupandactylus
9%
herbivores alamosaurus
8%
herbivores barosaurus
8%
mammifères brontotherium
8%
mammifère doedicurus
8%
oiseaux moa
8%
mammifères procoptodon
8%
herbivores shunosaurus
8%
ptérosaures tupuxuara
8%
carnivores variraptor
8%
poissons xiphactinus
8%
carnivores alioramus
7%
herbivores ampelosaurus
7%
herbivores amphicoelias
7%
mammifères andrewsarchus
7%
amphibiens beelzebufo
7%
mammifères deinotherium
7%
herbivores diabloceratops
7%
ptérosaures dsungaripterus
7%
lézards euparkeria
7%
herbivores gigantspinosaurus
7%
herbivores huayangosaurus
7%
mammifères hyaenodon
7%
carnivores pélécanimimus
7%
herbivores polacanthus
7%
carnivores sinosauropteryx
7%
amphibiens acanthostega
6%
carnivores achillobator
6%
mammifères arctodus
6%
poissons céphalaspis
6%
mammifères chalicotherium
6%
mammifères daeodon
6%
réptiles marins dakosaurus
6%
mammifères diprotodon
6%
oiseaux ichthyornis
6%
amphibiens ichthyostega
6%
carnivores indosuchus
6%
carnivores liliensternus
6%
herbivores olorotitan
6%
herbivores paralititan
6%
tortues protostega
6%
herbivores segnosaurus
6%
oiseaux titanis
6%
herbivores achelousaurus
5%
ptérosaures alanqa
5%
herbivores anchisaurus
5%
herbivores antarctopelta
5%
carnivores australovenator
5%
herbivores bagacératops
5%
carnivores dakotaraptor
5%
ptérosaures darwinopterus
5%
carnivores deltadromeus
5%
herbivores erlikosaurus
5%
arthropodes eurypterid
5%
serpents gigantophis
5%
poissons hyneria
5%
amphibiens hynerpeton
5%
carnivores ichthyovenator
5%
amphibiens koolasuchus
5%
herbivores lexovisaurus
5%
carnivores lythronax
5%
herbivores moschops
5%
carnivores nanuqsaurus
5%
crocodiles nundasuchus
5%
carnivores saurornithoides
5%
mollusques tusoteuthis
5%
carnivores yangchuanosaurus
5%
herbivores zuniceratops
5%
ptérosaures anurognathus
4%
mammifères archaeotherium
4%
carnivores austroraptor
4%
carnivores caudipteryx
4%
herbivores chungkingosaurus
4%
herbivores dicraeosaurus
4%
cétacés dorudon
4%
carnivores dracovenator
4%
amphibiens eryops
4%
réptiles marins futabasaurus
4%
réptiles marins géosaurus
4%
carnivores gorgonopsien
4%
poissons hybodus
4%
carnivores juravenator
4%
herbivores massospondylus
4%
herbivores microceratus
4%
réptiles marins mixosaurus
4%
mollusques orthoceras
4%
amphibiens prionosuchus
4%
réptiles marins prognathodon
4%
arthropodes pterygotus
4%
carnivores purlovia
4%
carnivores qianzhousaurus
4%
herbivores scutellosaurus
4%
herbivores scutosaurus
4%
herbivores shantungosaurus
4%
carnivores siamotyrannus
4%
carnivores skorpiovenator
4%
réptiles marins styxosaurus
4%
arthropodes titanomyrma
4%
herbivores ultrasauros
4%
herbivores zalmoxes
4%
herbivores alxasaurus
3%
mammifères amphicyon
3%
carnivores arizonasaurus
3%
mammifères arsinoitherium
3%
mollusques baculite
3%
herbivores bajadasaurus
3%
ptérosaures cearadactylus
3%
herbivores dacentrurus
3%
amphibiens diploceraspis
3%
mammifères eremotherium
3%
mammifères eucladoceros
3%
ptérosaures europejara
3%
carnivores gasosaurus
3%
amphibiens gerrothorax
3%
crocodiles gryposuchus
3%
réptiles marins hainosaurus
3%
réptiles marins henodus
3%
cétacés livyathan
3%
poissons mégapiranha
3%
arthropodes megarachne
3%
réptiles marins notosaurus
3%
poissons onchopristis
3%
arthropodes opabinia
3%
carnivores ophiacodon
3%
lézards petrolacosaurus
3%
oiseaux phorusrachos
3%
réptiles marins platecarpus
3%
réptiles marins plotosaurus
3%
poissons rhizodus
3%
réptiles marins rhomaleosaurus
3%
réptiles marins shastasaurus
3%
poissons stéthacanthus
3%
carnivores tanycolagreus
3%
réptiles marins temnodontosaurus
3%
mammifères tylacoleo
3%
herbivores tylocéphale
3%
mammifères uintatherium
3%
herbivores xenoceratops
3%
ptérosaures aérotitan
2%
poissons bananogmius
2%
cétacés cétotherium
2%
herbivores charonosaurus
2%
mammifères coelodonta
2%
ptérosaures coloborhynchus
2%
réptiles marins cymbospondylus
2%
herbivores desmatosuchus
2%
réptiles marins dolichorhynchops
2%
carnivores dubreuillosaurus
2%
poissons edestus
2%
herbivores estemmenosuchus
2%
crocodiles fasolasuchus
2%
ptérosaures geosterbergia
2%
réptiles marins hauffiosaurus
2%
poissons heliobatis
2%
lézards longisquama
2%
herbivores lufengosaurus
2%
carnivores masiakasaurus
2%
réptiles marins mauisaurus
2%
tortues meiolania
2%
mammifères moeritherium
2%
réptiles marins muraenosaurus
2%
mammifères mylodon
2%
herbivores omeisaurus
2%
poissons orthacanthus
2%
carnivores oxalaia
2%
mammifères palaeoloxodon
2%
carnivores piatnitzkysaurus
2%
mammifères platybelodon
2%
réptiles marins plésiosuchus
2%
réptiles marins psephoderma
2%
carnivores raptorex
2%
mammifères sarkastodon
2%
carnivores sauroniops
2%
carnivores secodontosaurus
2%
carnivores sinosaurus
2%
oiseaux teratornis
2%
réptiles marins thalassomedon
2%
herbivores titanocératops
2%
ptérosaures zhejiangopterus
2%
herbivores abrosaurus
1%
carnivores acheroraptor
1%
réptiles marins angolasaurus
1%
carnivores antéosaurus
1%
amphibiens anthracosaurus
1%
carnivores bahariasaurus
1%
crocodiles baurusuchus
1%
mollusques belemnoteuthis
1%
poissons bonnerichthys
1%
mammifères brontops
1%
oiseaux brontornis
1%
cétacés brygmophyseter
1%
carnivores chilantaisaurus
1%
poissons chlamydoselachus
1%
poissons coccosteus
1%
oiseaux confusiornis
1%
amphibiens crassigyrinus
1%
poissons crétoxyrhina
1%
carnivores cristatusaurus
1%
réptiles marins dallasaurus
1%
cétacés denebola
1%
herbivores dracopelta
1%
carnivores dynamoterror
1%
carnivores ekrixinatosaurus
1%
carnivores eocarcharia
1%
herbivores eotriceratops
1%
carnivores epanterias
1%
cétacés eurhinodelphis
1%
arthropodes gigantitan
1%
poissons gillicus
1%
oiseaux harpagornis
1%
herbivores harpimimus
1%
réptiles marins himalayasaurus
1%
mammifères hipparion
1%
arthropodes jaekelopterus
1%
réptiles marins kaiwhekea
1%
poissons lépidote
1%
réptiles marins leptocledus
1%
mammifères machairodus
1%
crocodiles machimosaurus
1%
serpents madtsoia
1%
herbivores magnapaulia
1%
poissons mawsonia
1%
amphibiens nigerpeton
1%
crocodiles ornithosuchus
1%
poissons otodus
1%
serpents palaeophis
1%
lézards palaeosaniwa
1%
réptiles marins pistosaurus
1%
amphibiens platyhystrix
1%
amphibiens prosalirus
1%
poissons ptychodus
1%
herbivores puertasaurus
1%
poissons rolphosteus
1%
crocodiles rutiodon
1%
poissons sarcoprion
1%
herbivores scolosaurus
1%
carnivores siats
1%
carnivores sigilmassasaurus
1%
amphibiens singidella
1%
poissons squalicorax
1%
carnivores staurikosaurus
1%
réptiles marins stenopterygius
1%
crocodiles stomatosuchus
1%
carnivores suchosaurus
1%
réptiles marins taniwhasaurus
1%
herbivores tenodontosaurus
1%
carnivores thanatotheristes
1%
poissons titanichthys
1%
carnivores titanophoneus
1%
carnivores titanosuchus
1%
réptiles marins trinacromerum
1%
mammifères tylacosmilius
1%
oiseaux vegavis
1%
carnivores veterupristisaurus
1%
poissons xenacanthus
1%
carnivores xinjiangovenator
1%
poissons acanthodien
0%
herbivores acanthopholis
0%
crocodiles aegisuchus
0%
ptérosaures alamodactylus
0%
réptiles marins alberctonectes
0%
poissons alopias grandis
0%
mammifères anancus
0%
ptérosaures arambougiania
0%
ptérosaures argentinadraco
0%
lézards asprosaurus
0%
poissons asterosteus
0%
poissons asterotrygon
0%
tortues atlantochelys
0%
poissons atractosteus
0%
cétacés australodelphis
0%
oiseaux baptornis
0%
poissons bawitius
0%
carnivores bistahieversor
0%
réptiles marins brachauchenius
0%
mammifères camelops
0%
mollusques cameroceras
0%
poissons cetorhinus parvus
0%
carnivores chingkankousaurus
0%
réptiles marins cryptocledus
0%
poissons denaea
0%
poissons dinichthys
0%
ptérosaures domeykodactylus
0%
poissons eastemanosteus
0%
poissons enchodus
0%
carnivores eodromaeus
0%
amphibiens eogyrinus
0%
poissons eolophotes
0%
poissons eoplatax
0%
ptérosaures eopteranodon
0%
poissons eorhicodon
0%
poissons falcatus
0%
poissons galaeocerdo
0%
réptiles marins guizhouichthyosaurus
0%
poissons harpacanthus
0%
herbivores huanghetitan
0%
herbivores hudiesaurus
0%
carnivores inostranvia
0%
poissons ischyodus
0%
herbivores jainosaurus
0%
carnivores kileskus
0%
carnivores kryptops
0%
herbivores lessemsaurus
0%
réptiles marins liodon
0%
poissons listracanthus
0%
arthropodes lithomantis
0%
poissons megalampris
0%
réptiles marins megalneusaurus
0%
arthropodes microdecemplex
0%
réptiles marins moanasaurus
0%
mammifères moropus
0%
crocodiles mourasuchus
0%
mollusques nectocaris
0%
poissons parahélicoprion
0%
crocodiles piscogavialis
0%
réptiles marins plésiopleurodon
0%
réptiles marins polycotylus
0%
poissons porolepis
0%
mollusques proteroctopus
0%
poissons protosphyraena
0%
poissons pseudomegachasma
0%
poissons retodus
0%
poissons scaphanorhynchus
0%
ptérosaures scaphognthus
0%
tortues sinemys
0%
herbivores spinops
0%
cétacés squalodon
0%
carnivores tachiraptor
0%
tortues testudo
0%
carnivores thérocephale
0%
herbivores turiasaurus
0%
mollusques vampyronassa
0%
herbivores yunnanosaurus
0%
carnivores zhuchengtyrannus
0%
cétacés zygophyseter
0%
Aucun quiz correspondant
Distribution des résultats
% des personnes avec chaque résultat
Percentile par nombre de réponses
Votre historique - résultats
Vous n’avez pas pris ce quiz